Club Penguin Trivia - Statistics

General Stats
  • This quiz has been taken 14 times
  • The average score is 12 of 20
Answer Stats
Question Answer % Correct
(Easy) Where do penguins live in Club Penguin? Igloos
90%
(Hard) What year did the original Club Penguin shut down? 2017
80%
(Easy) Who is Klutzy? A crab sidekick to an evil polar bear
80%
(Medium) How do penguins become ninjas? Defeating Sensei in a Card Jitsu battle
80%
(Extreme) Which of these facts about Herbert is true? He's vegetarian
80%
(Medium) Which of these puffle-minigame combinations is fake? Orange puffles and Pizzatron3000
80%
(Medium) Which of these has not been a regular Club Penguin event? Flippers Together
70%
(Easy) Which of these minigames isn't real? Puffle Racing
70%
(Medium) How do you switch the Pizzatron3000 to dessert mode? Pulling a lever
70%
(Easy) Which puffles can be adopted by non-members? Red and Blue
70%
(Hard) Which of these rumours turned out to be true? The iceberg can be tipped
70%
(Easy) Where is the Aqua Grabber minigame based? Iceberg
60%
(Medium) What is the standard price of a new penguin colour? 20 coins
50%
(Hard) Who revealed themselves to be The Director of the EPF after years of secrecy? Aunt Arctic
50%
(Extreme) What is the rarest clothing item in Club Penguin? Beta Test Party Hat
50%
(Extreme) Where are Aunt Arctic's puffles found in the first PSA Secret Mission? The tallest mountain
50%
(Hard) Which food item destroyed the PSA, leading to the rise of the EPF? Popcorn
40%
(Hard) Which type of 'bug' is slow-moving and spiky in the minigame System Defender? Purple
40%
(Extreme) In which game can you win a key to a secret room? Puffle Rescue
30%
(Extreme) What day of the week is the Club Penguin Times published? Thursday
30%
No matching quizzes found
Score Distribution
Percent of People with Each Score
Percentile by Number Answered
Your Score History
You have not taken this quiz